Normal view
MARC view
Entry Geographic Name
001 - CONTROL NUMBER
- control field: 25240
003 - CONTROL NUMBER IDENTIFIER
- control field: ARRUPE
005 - DATE AND TIME OF LATEST TRANSACTION
- control field: 20160823101825.0
008 - FIXED-LENGTH DATA ELEMENTS
- fixed length control field: 160823|| aca||aabn | a|a d
040 ## - CATALOGING SOURCE
- Original cataloging agency: ARRUPE
- Transcribing agency: ARRUPE
151 ## - HEADING--GEOGRAPHIC NAME
- Geographic name: Assisi (Italy)
- General subdivision: Biography.
670 ## - SOURCE DATA FOUND
- Source citation: Work cat.: (ARRUPE)0: Carney, Margaret. 25238, The first Franciscan woman :, c1993.